| 000 | 00383nam a2200157Ia 4500 | ||
|---|---|---|---|
| 008 | 230917s9999||||xx |||||||||||||| ||und|| | ||
| 020 | _cRS350 | ||
| 040 |
_e33581 _aMAIN |
||
| 041 | _aEnglish | ||
| 082 | _a321.8 B291S | ||
| 100 | _aBasant Singh | ||
| 245 | 0 | _aSustainability: A democracy of resources | |
| 260 |
_aJaipur _bGeographical _c1999 |
||
| 300 | _a218 p. | ||
| 942 | _cBK | ||
| 999 |
_c105385 _d105385 |
||